Química general e inorgánica para estudiantes universitarios / (Record no. 116626)

MARC details
000 -LEADER
campo de control de longitud fija 00775nam a2200205 4500
001 - NÚMERO DE CONTROL
campo de control 116626
003 - IDENTIFICADOR DE NÚMERO DE CONTROL
campo de control ES-MaACL
005 - FECHA Y HORA DE LA ÚLTIMA TRANSACCIÓN
campo de control 20250905163547.0
007 - CAMPO FIJO DE DESCRIPCIÓN FÍSICA--INFORMACIÓN GENERAL
campo de control de longitud fija t|
008 - DATOS DE LONGITUD FIJA--INFORMACIÓN GENERAL
campo de control de longitud fija 061121s1950 sp r ||||1| spa d
100 1# - ENTRADA PRINCIPAL--NOMBRE DE PERSONA
Nombre de persona Partington, J. Riddick.
9 (RLIN) 89292
245 10 - MENCIÓN DEL TÍTULO
Título Química general e inorgánica para estudiantes universitarios /
Mención de responsabilidad, etc. por J. R. Partington ; versión castellana de la 4ª edición inglesa por I. Ruiz Alvarez ; revisada po Mª Teresa Toral y A. Flores de Lemus.
260 ## - PUBLICACIÓN, DISTRIBUCIÓN, ETC.
Lugar de publicación, distribución, etc. Madrid :
Nombre del editor, distribuidor, etc. Tecnos,
Fecha de publicación, distribución, etc. 1950.
300 ## - DESCRIPCIÓN FÍSICA
Extensión XXXII, 1124 p. :
Otras características físicas il ;
Dimensiones 21 cm.
700 1# - ENTRADA AGREGADA--NOMBRE PERSONAL
Nombre de persona Ruiz Alvarez, I.
9 (RLIN) 100650
700 1# - ENTRADA AGREGADA--NOMBRE PERSONAL
Nombre de persona Toral, María Teresa,
Fechas asociadas al nombre 1911-1994
9 (RLIN) 110608
700 1# - ENTRADA AGREGADA--NOMBRE PERSONAL
Nombre de persona Flores de Lemus, A.
9 (RLIN) 51276
852 ## - LOCALIZACIÓN
Ubicación ES-MaACL
Número de control de estantería D-5320
Sublocalización o colección R.30887
Holdings
Estatus retirado Estado de pérdida Estado de daño No para préstamo Biblioteca de origen Biblioteca actual Ubicación en estantería Fecha de adquisición Fuente de adquisición Total de préstamos Signatura topográfica completa Código de barras Visto por última vez Precio de reemplazo Tipo de ítem Koha
        Biblioteca del Ateneo de Madrid Biblioteca del Ateneo de Madrid Sala Valle Inclán 17/01/2008     D-5320 901121610 23/02/2023 23/02/2023 Libro impreso